000
00280nam a22001097a 4500
041
_a
eng
080
_a
80
100
_a
Турчина, П. Е.
245
_a
Французско-русский политехнический словарь.
650
_a
Reference
999
_c
280694
_d
280694
942
_c
BK